Vainqueurs de la Coupe d’Afrique des nations - Statistiques

Statistiques générales
  • Ce quiz a été pris 2 344 fois
  • Le résultat moyen est 13 sur 16
Statistiques - réponses
Pays % Correct
Algérie
98%
Égypte
98%
Maroc
97%
Sénégal
96%
Côte d’Ivoire
94%
Cameroun
93%
Tunisie
92%
République démocratique du Congo
87%
Afrique du Sud
85%
Nigeria
85%
Congo
82%
Ghana
75%
Zambie
69%
Éthiopie
49%
Soudan
49%
Zaïre
21%
Aucun quiz correspondant
Distribution des résultats
% des personnes avec chaque résultat
Percentile par nombre de réponses
Votre historique - résultats
Vous n’avez pas pris ce quiz